Quizz sur les pays d'Europe - Statistiques

Statistiques générales
  • Ce quiz a été pris 1 628 fois
  • Le résultat moyen est 26 sur 45
Statistiques - réponses
Question Tuile Select % Correct
Quels sont ces pays qui se trouvent en Europe? Bresil Non
99%
Quels sont ces pays qui se trouvent en Europe? France Oui
99%
Quels sont ces pays qui se trouvent en Europe? Italie Oui
97%
Quels sont ces pays qui se trouvent en Europe? Monaco Oui
92%
Quels sont ces pays qui se trouvent en Europe? Urss Non
90%
Quels sont ces pays qui se trouvent en Europe? Malte Oui
89%
Quels sont les pays qui sont une ou des iles en Europe Malte Oui
84%
Quels sont les pays qui sont une ou des iles en Europe Cap vert Non
83%
Quels sont les pays qui sont une ou des iles en Europe Islande Oui
75%
Quels sont ces pays qui se trouvent en Europe? Russie Oui
73%
Quels sont les plus grands pays d'Europe? (10 plus grands) Russie Oui
73%
Quels sont les plus grands pays d'Europe? (10 plus grands) Monaco Non
72%
Quels sont les pays qui sont une ou des iles en Europe Estonie Non
71%
Quels sont ces pays qui se trouvent en Europe? Turquie Non
70%
Quels sont les plus grands pays d'Europe? (10 plus grands) France Oui
68%
Quels sont les plus grands pays d'Europe? (10 plus grands) Irlande Non
68%
Qui sont les pays d'Europe qui ont changé de noms? Suede Non
67%
Quels sont les plus grands pays d'Europe? (10 plus grands) Ukraine Oui
67%
Quels sont les pays qui sont une ou des iles en Europe Groenland Non
65%
Quels sont les pays qui sont une ou des iles en Europe Norvege Non
62%
Quels sont les pays qui sont une ou des iles en Europe Guadeloupe Non
61%
Quels sont les pays d'Europe qui n'ont pas participé à la seconde guerre mondiale Iran Non
59%
Qui sont les pays d'Europe qui ont changé de noms? Russie Oui
58%
Qui sont les pays d'Europe qui ont changé de noms? Turquie Non
55%
Quels sont les plus grands pays d'Europe? (10 plus grands) Espagne Oui
52%
Quels sont les pays d'Europe qui n'ont pas participé à la seconde guerre mondiale Suède Oui
51%
Quels sont les plus grands pays d'Europe? (10 plus grands) Suede Oui
49%
Quels sont les pays d'Europe qui n'ont pas participé à la seconde guerre mondiale Portugal Oui
48%
Qui sont les pays d'Europe qui ont changé de noms? Allemagne Oui
47%
Quels sont les pays qui sont une ou des iles en Europe Grece Non
47%
Quels sont ces pays qui se trouvent en Europe? Chypre Non
46%
Quels sont les pays d'Europe qui n'ont pas participé à la seconde guerre mondiale Danemark Non
41%
Quels sont les pays d'Europe qui n'ont pas participé à la seconde guerre mondiale Estonie Non
41%
Quels sont les plus grands pays d'Europe? (10 plus grands) Italie Non
41%
Quels sont les pays qui sont une ou des iles en Europe Chypre Non
40%
Qui sont les pays d'Europe qui ont changé de noms? Ottoman Non
40%
Quels sont les pays d'Europe qui n'ont pas participé à la seconde guerre mondiale Norvege Non
38%
Quels sont les pays d'Europe qui n'ont pas participé à la seconde guerre mondiale Espagne Oui
37%
Quels sont les plus grands pays d'Europe? (10 plus grands) Roumanie Non
34%
Qui sont les pays d'Europe qui ont changé de noms? Royaume uni Oui
29%
Qui sont les pays d'Europe qui ont changé de noms? Bielorussie Non
26%
Qui sont les pays d'Europe qui ont changé de noms? Vatican Oui
21%
Quels sont les pays d'Europe qui n'ont pas participé à la seconde guerre mondiale Islande Non
20%
Quels sont les pays d'Europe qui n'ont pas participé à la seconde guerre mondiale Monaco Non
20%
Qui sont les pays d'Europe qui ont changé de noms? Italie Oui
17%
Aucun quiz correspondant
Distribution des résultats
% des personnes avec chaque résultat
Percentile par nombre de réponses
Votre historique - résultats
Vous n’avez pas pris ce quiz